The compilation methods of building price indices in Britain (Record no. 80891)

MARC details
000 -LEADER
fixed length control field 01064cab a22002055a 4500
001 - CONTROL NUMBER
control field L145600
008 - FIXED-LENGTH DATA ELEMENTS--GENERAL INFORMATION
fixed length control field 081024s2008 xxkd f s 000 0 eng d
035 ## - SYSTEM CONTROL NUMBER
System control number (Sirsi) u145600
041 0# - LANGUAGE CODE
Language code of text/sound track or separate title eng
100 1# - MAIN ENTRY--PERSONAL NAME
Personal name Yu, Marco K. W.
245 04 - TITLE STATEMENT
Title The compilation methods of building price indices in Britain
Remainder of title a critical review
260 ## - PUBLICATION, DISTRIBUTION, ETC.
Date of publication, distribution, etc. 2008
490 ## - SERIES STATEMENT
Series statement Construction Management and Economics
Volume/sequential designation 26 July-September 2008, 693-705 (13)
520 ## - SUMMARY, ETC.
Summary, etc. Reviews the compilation methods of building prices in Britain. Reports that the indices used usually fail to measure the mechanical and electrical services. They do not estimate the tender price movements of new building works not procured through the lump sum Bills of Quantities route. Presents an improved version of the current method and the hedonic price index method. Concludes that these areas need to be pursued and that the hedonic price index method is an interesting alternative.
590 ## - LOCAL NOTE (RLIN)
Local note KA
651 #4 - SUBJECT ADDED ENTRY--GEOGRAPHIC NAME
Geographic name United Kingdom
Chronological subdivision
690 ## - LOCAL SUBJECT ADDED ENTRY--TOPICAL TERM (OCLC, RLIN)
Topical term or geographic name as entry element Procurement
9 (RLIN) 6260
700 1# - ADDED ENTRY--PERSONAL NAME
Personal name Ive, Graham J.
942 ## - ADDED ENTRY ELEMENTS (KOHA)
Suppress in OPAC 0
Holdings
Withdrawn status Lost status Source of classification or shelving scheme Damaged status Not for loan Home library Current library Shelving location Date acquired Total Checkouts Full call number Barcode Date last seen Copy number Price effective from Koha item type
    Dewey Decimal Classification     London London Journal article 24/10/2008   L145600 145600-1001 06/08/2019 1 06/08/2019 Journal article